Kurz svetelnej techniky prednášky : CD 1 2004

Bibliographic Details
Corporate Authors: Slovenská svetelnotechnická spoločnosť (Collaborator), Slovenská technická univerzita v Bratislave. Fakulta elektrotechniky a informatiky (Collaborator)
Format: Software Book
Language:Slovak
PhysicalDescription:1 elektronický optický disk (CD-ROM) 12 cm
Published: [Bratislava] Typhoon [2004]
Subjects:

MARC

LEADER 00000nam a2200000 a 4500
001 vtls001486652
003 SK-MaSNL
005 20260301122345.0
007 co cgu
008 041206s2004 xo f 0 00 slo
015 |a SNBS2005/02-00252 
035 |a SNK000441944 
040 |a SNK  |b slo  |c SNK  |e AACR2 
072 7 |a 628  |x Zdravotná technika. Úprava vody. Odpadové hospodárstvo. Svetelná technika  |2 konspekt 
080 |a 628.9  |x (0.034.44)  |2 snkbusd 
080 |a (042.3)  |2 MDT-MRF 
245 0 0 |a Kurz svetelnej techniky  |h elektronický zdroj  |b prednášky : CD 1  |n 2004 
260 |a [Bratislava]  |b Typhoon  |c [2004] 
300 |a 1 elektronický optický disk (CD-ROM)  |c 12 cm 
500 |a Spolupracovali: Slovenská svetelnotechnická spoločnosť, Slovenská technická univerzita FEI 
500 |a Názov z obalu 
650 0 7 |a svetelná technika  |2 SNKPH  |9 68471 
655 7 |a elektronické textové údaje  |2 SNKPH  |9 70697 
655 7 |a prednášky  |2 SNKPH  |9 70554 
655 7 |a CD-ROM  |2 SNKPH  |9 70236 
710 2 |a Slovenská svetelnotechnická spoločnosť  |4 clb  |9 73290 
710 2 |a Slovenská technická univerzita v Bratislave.  |b Fakulta elektrotechniky a informatiky  |4 clb  |9 179801 
999 |c 732608  |d 734538 
952 |t P60, <03>, [DIGIT], {603}, -K-  |a SNK  |b SNK  |y PREZ  |7 0  |p 17A0451437  |o snkSCDM 539  |i snkJK 472/2004  |0 0  |1 0  |4 0  |d 2004-12-06  |l 0  |r 2005-01-02 00:00:00  |w 2026-02-23